|
|
|
|
| LEADER |
00000cam a2200000 a 4500 |
| 001 |
003500 |
| 003 |
UAHC_CL |
| 005 |
20260421161259.0 |
| 008 |
010822s1979 mx 000 1 spa |
| 020 |
|
|
|a 9682300592
|
| 040 |
|
|
|a UAHC_CL
|c UAHC_CL
|d UAHC_CL
|
| 100 |
1 |
|
|a Dorfman, Ariel
|d 1942-
|
| 245 |
1 |
0 |
|a Para leer al Pato Donald :
|b comunicación de masa y colonialismo
|c Ariel Dorfman,
|
| 250 |
|
|
|a Vigésima primera edición.
|
| 264 |
|
|
|a México :
|b Siglo Veintiuno,
|c 1979.
|
| 300 |
|
|
|a 160 páginas
|
| 520 |
|
|
|a "Para leer al Pato Donald" (1972), de Ariel Dorfman y Armand Mattelart, es un clásico del análisis de medios que denuncia cómo los cómics de Disney difunden la ideología capitalista y el imperialismo estadounidense en Latinoamérica. Este manual de descolonización examina el consumo, la escasez de personajes femeninos y la superioridad cultural en Patolandia.
|
| 600 |
|
0 |
|a Disney, Walt,
|d 1901-1966
|x Crítica e Interpretación
|9 23335
|
| 650 |
|
0 |
|a Medios de comunicación de masas
|x Aspectos sociales
|9 4727
|
| 700 |
1 |
|
|a Mattelart, Armand
|d 1936-
|
| 900 |
|
|
|a 301.161 DOR
|
| 942 |
|
|
|c BK
|2 ddc
|
| 952 |
|
|
|0 0
|1 0
|4 0
|6 301_161000000000000_DOR
|7 0
|8 General
|9 7805
|a BC
|b BC
|c General
|d 2017-08-03
|l 1
|o 301.161 DOR
|p 1308546
|r 2026-01-13 00:00:00
|s 2023-11-02
|t 1
|w 2017-08-03
|y BK
|z También lo encuentras en bibliografías.
|
| 952 |
|
|
|0 0
|1 0
|4 0
|6 301_161000000000000_DOR
|7 0
|8 General
|9 7806
|a BR
|b BR
|c General
|d 2017-08-03
|l 3
|m 1
|o 301.161 DOR
|p 1311683
|r 2026-01-14 00:00:00
|s 2024-10-08
|t 2
|w 2017-08-03
|x Libro en mal estado, con manchas, roto y subrayado. FGM. 02/08/2019.
|y BK
|z También lo encuentras en bibliografías.
|
| 999 |
|
|
|c 3500
|d 3500
|